| 000 | 01227cam a22003737a 4500 | ||
|---|---|---|---|
| 003 | CHAP | ||
| 005 | 20220817043445.0 | ||
| 008 | 980626d1996 mx r 00110 spa d | ||
| 010 | _a75822 | ||
| 011 | _a76794 | ||
| 020 | _a9251033013 | ||
| 035 | _a86383 | ||
| 040 | _cCHAP | ||
| 082 | 0 | 4 |
_a632.93 _bF3 v.135 |
| 110 | _aFAO | ||
| 245 | 1 | 0 |
_aCitrus pest problems and their control in the Near East _ced. by J. G. Morse, R. F. Luck and D. J. Gumpf |
| 260 |
_aRome : _bFAO, _c1996. |
||
| 300 |
_a403 p. : _bcuadros |
||
| 490 | 0 |
_aFAO. Producción y protección vegetal _v; 135 |
|
| 590 |
_aBATCH-UPD _b10 _c20130110 _lUCH01 _h0508 |
||
| 590 |
_aBATCH-UPD _b10 _c20130410 _lUCH01 _h0145 |
||
| 590 |
_aBATCH-UPD _b10 _c20130914 _lUCH01 _h0959 |
||
| 590 |
_aCONVERSION _b10 _c20130109 _lUCH01 _h1341 |
||
| 650 | 1 | 4 |
_aCítricos _xPlagas. _924458 |
| 650 | 1 | 4 |
_aControl de plagas. _927595 |
| 700 | 0 |
_aGumpf, D. J. _eed. _951460 |
|
| 700 | 0 |
_aLuck, R. F. _eed. _968897 |
|
| 700 | 0 |
_aMorse, J. G. _eed. _978932 |
|
| 830 | 0 |
_aFAO. Producción y protección vegetal _v; 135 _939654 |
|
| 901 | _aBK | ||
| 905 | _aLilia Sánchez G. | ||
| 942 | _cLIBRO | ||
| 949 |
_a632.93 F3 v.135 _bBC _cFAO _d33724000697330 _eFAO1 _h93605 _i86383 _kDonaciØn _sb |
||
| 999 |
_c75822 _d75822 |
||